Sports Quiz

Random Sports or Cricket Quiz

Sport by Necklace Quiz Stats

 Plays Quiz Updated Aug 27, 2019

Score 0/15 Timer 03:00
15 Plays Today
% Correct
Tennis
96.5%
Gymnastics
95.8%
Wrestling
95.8%
Hockey
95.7%
Swimming
95.6%
Weightlifting
95.5%
Football
(Soccer)
95.2%
Boxing
94.9%
% Correct
Baseball
94.6%
Golf
94%
Pole Vault
92.8%
Basketball
92.2%
American
Football
91%
Auto Racing
90.9%
Cricket
83.2%

You're not logged in!

Compare scores with friends on all Sporcle quizzes.
OR
Log In

Sporcle TV

Today on Sporcle TV


Watch our educational content, quiz creation guides, and fun videos on Sporcle TV.

Show Comments

Extras

Top Quizzes Today


Score Distribution

Your Account Isn't Verified!

In order to create a playlist on Sporcle, you need to verify the email address you used during registration. Go to your Sporcle Settings to finish the process.

Report this User

Report this user for behavior that violates our Community Guidelines.

Details: